Βυζαντινές Πόλεις - Ξαφνικός Θάνατος - Statistics

General Stats
  • This quiz has been taken 51 times
  • The average score is 7 of 19
Answers on the Grid
Answers color-coded by a green-red scale on the quiz's grid according to % correct below.
Αθήνα
Αλγέρι
Άμστερνταμ
Βαγδάτη
Βαρκελώνη
Βαρσοβία
Βενετία
Βερολίνο
Βηρυτός
Βουδαπέστη
Γλασκώβη
Δαμασκός
Ιερουσαλήμ
Κάιρο
Κόρδοβα
Κωνσταντινούπολη
Λευκωσία
Λονδίνο
Όσλο
Μάλαγα
Μαϊάμι
Μελβούρνη
Μιλάνο
Νάπολη
Παρίσι
Πράγα
Ρώμη
Σαράγιεβο
Σόφια
Σμύρνη
Τραπεζούντα
Τύνιδα
 
Answer Stats
Answer % Correct
Αθήνα
86%
Σόφια
61%
Ιερουσαλήμ
54%
Σμύρνη
50%
Αλγέρι
46%
Βηρυτός
46%
Κωνσταντινούπολη
46%
Τραπεζούντα
46%
Δαμασκός
39%
Λευκωσία
39%
Ρώμη
32%
Σαράγιεβο
32%
Μιλάνο
29%
Κάιρο
25%
Βενετία
21%
Νάπολη
18%
Κόρδοβα
14%
Τύνιδα
14%
Μάλαγα
11%
No matching quizzes found
Score Distribution
Percent of People with Each Score
Percentile by Number Answered
Your Score History
You have not taken this quiz